Bestiari / Joan Oliver ; il·lustracions de X. Nogués
Descripción Física:
139 p. : il. ; 20 cm
Otros Autores:
Nogués, Xavier, il
MARC
| LEADER | 00000nam a2200000Ia 4500 | ||
|---|---|---|---|
| 001 | 12613 | ||
| 008 | 160829s9999 xx 000 0 cat d | ||
| 080 | |a L-1-109 | ||
| 100 | 1 | |a Oliver, Joan, |d 1899-1986 |9 27030 | |
| 245 | |a Bestiari / Joan Oliver ; il·lustracions de X. Nogués | ||
| 260 | |a Barcelona : |b Generalitat de Catalunya, Departament de Cultura, [1937] | ||
| 300 | |a 139 p. : |b il. ; |c 20 cm | ||
| 590 | |a Premi Folguera 1936. | ||
| 590 | |a Prové de Q-22, exp. 218 | ||
| 700 | |a Nogués, Xavier, il. |9 28671 | ||
| 710 | 2 | |a Catalunya. |b Departament de Cultura |9 52819 | |
| 901 | |a Arxiu | ||
| 942 | |n 1 | ||
| 952 | |0 0 |1 0 |4 0 |6 L1109 |7 1 |9 53395 |a Arxiu |b Arxiu |d 2016-12-01 |l 0 |o L-1-109 |p 12613 |r 2016-12-01 00:00:00 |w 2016-12-01 |y ARXIU | ||
| 999 | |c 57260 |d 57260 | ||